Landlord and Tenant Covenants Act 1995, Part II: Transmission of Leasehold Covenants, etc (Record no. 66603)

MARC details
000 -LEADER
fixed length control field 01003cam a2200205 4500
001 - CONTROL NUMBER
control field ABS63725
008 - FIXED-LENGTH DATA ELEMENTS--GENERAL INFORMATION
fixed length control field 000000n2001 000 0 eng u
035 ## - SYSTEM CONTROL NUMBER
System control number (Sirsi) u111777
245 ## - TITLE STATEMENT
Title Landlord and Tenant Covenants Act 1995, Part II: Transmission of Leasehold Covenants, etc
260 ## - PUBLICATION, DISTRIBUTION, ETC.
Date of publication, distribution, etc. 2001
490 ## - SERIES STATEMENT
Series statement Commercial Property
Volume/sequential designation 3(6) 2-8(7)
520 ## - SUMMARY, ETC.
Summary, etc. The second half of a two part article which looks at the Landlord and Tenant Covenants Act 1995 (for Part 1 see: ABS63442). Part II deals with the enforceability of leasehold covenants, the operation of concurrent leases and the variation of leases. Looks at the position in relation to these issues prior to 1996. Moves on to describe the post-1996 position, following the introduction of the 1995 Act.
590 ## - LOCAL NOTE (RLIN)
Local note ABS
650 ## - SUBJECT ADDED ENTRY--TOPICAL TERM
Topical term or geographic name entry element LANDLORD AND TENANT COVENANTS ACT 1995
650 ## - SUBJECT ADDED ENTRY--TOPICAL TERM
Topical term or geographic name entry element LEASEHOLD COVENANTS
650 ## - SUBJECT ADDED ENTRY--TOPICAL TERM
Topical term or geographic name entry element CONCURRENT LEASES
650 ## - SUBJECT ADDED ENTRY--TOPICAL TERM
Topical term or geographic name entry element VARIATION OF LEASE
690 ## - LOCAL SUBJECT ADDED ENTRY--TOPICAL TERM (OCLC, RLIN)
Topical term or geographic name as entry element PROPERTY-LANDLORD AND TENANT
942 ## - ADDED ENTRY ELEMENTS (KOHA)
Suppress in OPAC 0
Holdings
Withdrawn status Lost status Source of classification or shelving scheme Damaged status Not for loan Home library Current library Shelving location Date acquired Total Checkouts Full call number Barcode Date last seen Copy number Price effective from Koha item type
    Dewey Decimal Classification     London London Journal article 03/04/2001   ABS63725 111777-1001 06/08/2019 1 06/08/2019 Journal article